Lego Hobbit Minifigures by Picture - Statistics

General Stats
  • This quiz has been taken 19 times
    18 since last reset
  • The average score is 34 of 46
Answer Stats
Picture Hint Answer % Correct
Bilbo Baggins
100%
Gandalf
100%
Elrond
94%
Galadriel
94%
Gollum
94%
Legolas Greenleaf
94%
Azog
88%
Balin
88%
Bifur
88%
Bofur
88%
Gloin
88%
Gwaihir
88%
Smaug
88%
Thorin Oakenshield
88%
Bard
82%
Beorn
82%
Bombur
82%
Dori
82%
Dwalin
82%
Fili
82%
Great Goblin
82%
Hunter Orc
76%
Kili
76%
Where they are from Lake-Town Guard
76%
Mirkwood Spider
76%
Ori
76%
Radagast
76%
Goblin Soldier
71%
Nori
71%
Oin
71%
Tauriel
71%
Thranduil
71%
Position e.g. swordsman Archer
65%
Dain Ironfoot
65%
Where they are from Mirkwood
65%
Warg
65%
Witch King
65%
Where these are from Gundabad
59%
Necromancer
59%
Warg Matriarch
59%
Bain
53%
Master of Lake-Town
53%
Goblin Scribe
41%
Yazneg
41%
Elf Guard
35%
Galion
29%
No matching quizzes found
Score Distribution
Percent of People with Each Score
Percentile by Number Answered
Your Score History
You have not taken this quiz since the last reset